| 000 | 00863nam a2200265 a 4500 | ||
|---|---|---|---|
| 001 | 25649 | ||
| 003 | CO-ViMGA | ||
| 008 | 141112s2004 ck r 000 u spa d | ||
| 020 | _a9789588562780 | ||
| 040 |
_aCO-ViMGA _bspa _cCO-ViMGA |
||
| 041 | _aMUL | ||
| 082 | 0 | 4 | _a869.41 P27p |
| 100 | 1 |
_aPessoa, Fernando, 1888 - 1935 _939389 |
|
| 245 | 1 | 0 |
_aPlural como el universo = Plural como o universo / _cFernando Pesso ; traducción Jerónimo Pizarro |
| 250 | _a1a ed. | ||
| 260 |
_aMedellín : _bTragaluz, _c2013 |
||
| 300 | _a179 p. : fot. byn. | ||
| 490 | _aLusitania | ||
| 500 | _aEdición bilingüe español - portugués. | ||
| 600 |
_aPESSOA, FERNANDO, 1888 - 1935 - BIBLIOGRAFIAS _939390 |
||
| 650 | 1 | 4 |
_aARTE DE ESCRIBIR _922899 |
| 650 | 1 | 4 |
_aLITERATURA PORTUGUESA - HISTORIA Y CRITICA _939391 |
| 700 | 1 |
_aPizarro, Jerónimo _939392 |
|
| 942 |
_2ddc _cBK |
||
| 999 |
_c5222 _d5222 |
||